[Event "26th Africa-ch U20"]
[Site "Tiaret ALG"]
[Date "2014.01.27"]
[Round "3"]
[White "Araoun, Saadi"]
[Black "Alnami, Salaheddin"]
[Result "1-0"]
[WhiteElo "1580"]
[BlackElo "1843"]
[EventDate "2014.01.25"]
[PlyCount "70"]

1.c4 f5 2.Nc3 Nf6 3.d4 g6 4.g3 Bg7 5.Bg2 O-O 6.Nf3 d6 7.O-O c6 8.Rb1 Qe8 
9.b4 e5 10.d5 e4 11.Ng5 h6 12.Nh3 Ng4 13.Qb3 Kh7 14.f3 exf3 15.exf3 Bd4+ 
16.Kh1 Nf6 17.dxc6 Nxc6 18.Bf4 Be5 19.Nb5 Qe7 20.Rbd1 g5 21.Bxe5 dxe5 22.
Nd6 Be6 23.Qc3 Nd4 24.c5 Nd5 25.Qe1 Bg8 26.Qd2 f4 27.gxf4 gxf4 28.Rg1 Be6 
29.Qd3+ Bf5 30.Nxf5 Rxf5 31.Rde1 Nxb4 32.Qxd4 Nxa2 33.Qd2 Qxc5 34.Qxa2 Rd8
35.Qb1 Rf8 1-0

[Event "26th Africa-ch U20"]
[Site "Tiaret ALG"]
[Date "2014.01.27"]
[Round "4"]
[White "Willenberg, Shane C"]
[Black "Meftahi, Houssem"]
[Result "0-1"]
[WhiteElo "1893"]
[BlackElo "1994"]
[EventDate "2014.01.25"]
[PlyCount "105"]

1.e4 c5 2.Nc3 Nc6 3.f4 e6 4.Nf3 d5 5.Bb5 Ne7 6.Ne5 Qd6 7.exd5 exd5 8.Qe2 
f6 9.Nf3 Bg4 10.Bxc6+ Qxc6 11.O-O O-O-O 12.Ne5 Bxe2 13.Nxc6 Nxc6 14.Nxe2 
Re8 15.Ng3 Nb4 16.c3 Nd3 17.Rf3 c4 18.h3 Bc5+ 19.Kh2 Re1 20.Rf1 Rhe8 21.b4
cxb3 22.axb3 Rxf1 23.Nxf1 Re1 24.Bb2 Rxf1 25.Rxf1 Nxb2 26.d4 Bd6 27.g3 a5 
28.Rb1 Nd3 29.Kg2 a4 30.bxa4 Ba3 31.Ra1 Bb2 32.Rd1 Nc1 33.Rd2 Ba3 34.c4 
Nb3 35.Ra2 Bd6 36.cxd5 Nxd4 37.a5 Kb8 38.Ra4 Nf5 39.Kf3 Ka7 40.Re4 Bc7 41.
Re8 Ka6 42.g4 Nd6 43.Re7 Bxa5 44.Rxg7 b5 45.Rxh7 b4 46.Ke2 b3 47.Kd1 Bc3 
48.g5 b2 49.Kc2 Nc4 50.Kxc3 b1=Q 51.Rh6 Kb5 52.Rxf6 Qc1+ 53.Kd3 0-1